[Event "SRB-ch U16"]
[Site "Subotica"]
[Date "2021.05.05"]
[Round "4"]
[White "Batica, Lazar"]
[Black "Davidov, Lazar"]
[Result "0-1"]
[WhiteElo "1580"]
[BlackElo "1754"]
[PlyCount "84"]
[EventDate "2021.05.03"]
[EventType "swiss"]
[EventRounds "9"]
[EventCountry "SRB"]
[SourceTitle "EXT 2022"]
[Source "ChessBase"]
[SourceDate "2021.10.06"]
[SourceVersion "1"]
[SourceVersionDate "2021.10.06"]
[SourceQuality "1"]

1. e4 e6 2. d4 d5 3. exd5 exd5 4. Bd3 Bd6 5. Ne2 Ne7 6. Bf4 Nbc6 7. c3 Bf5 8. 0-0 Bxd3 9. Qxd3 Bxf4 10. Nxf4 Qd6 11. Qf3 0-0-0 12. Nd2 g5 13. Nd3 h5 14. b4 f5 15. g3 h4 16. Kg2 hxg3 17. hxg3 Qf6 18. Rh1 g4 19. Qe2 Rhe8 20. Rae1 Ng6 21. Qd1 Rxe1 22. Rxe1 Qg5 23. Nb3 f4 24. Nxf4 Nxf4+ 25. gxf4 Qxf4 26. Qe2 Rf8 27. Qe3 Qf3+ 28. Qxf3 Rxf3 29. Re3 Rxe3 30. fxe3 Ne7 31. Nd2 Nf5 32. Nf1 Nd6 33. Nd2 Nf5 34. Nf1 Kd7 35. Kf2 Nd6 36. Nd2 Ke6 37. a4 Kf5 38. Kg3 Ne4+ 39. Nxe4 Kxe4 40. Kxg4 Kxe3 41. Kf5 Kd3 42. Ke5 Kxc3 0-1

[Event "SRB-ch U16"]
[Site "Subotica"]
[Date "2021.05.04"]
[Round "3"]
[White "Radojicic, Aleksandar M"]
[Black "Batica, Lazar"]
[Result "1-0"]
[WhiteElo "2062"]
[BlackElo "1580"]
[PlyCount "47"]
[EventDate "2021.05.03"]
[EventType "swiss"]
[EventRounds "9"]
[EventCountry "SRB"]
[SourceTitle "EXT 2022"]
[Source "ChessBase"]
[SourceDate "2021.10.06"]
[SourceVersion "1"]
[SourceVersionDate "2021.10.06"]
[SourceQuality "1"]

1. d4 g6 2. g3 Bg7 3. Bg2 d6 4. e4 Nc6 5. Ne2 Bg4 6. f3 Bd7 7. Be3 e5 8. Nbc3 exd4 9. Nxd4 Nge7 10. Qd2 0-0 11. 0-0-0 Nxd4 12. Bxd4 Nc6 13. Bxg7 Kxg7 14. h4 h5 15. g4 Rh8 16. g5 Be6 17. Bh3 Qe7 18. f4 Qd7 19. Nd5 Bxh3 20. Qc3+ f6 21. Nxf6 Qe6 22. Nxh5+ Kf7 23. Qg7+ Ke8 24. Nf6+ 1-0

[Event "SRB-ch U16"]
[Site "Subotica"]
[Date "2021.05.03"]
[Round "1"]
[White "Batica, Lazar"]
[Black "Stankovic, Boris"]
[Result "0-1"]
[WhiteElo "1580"]
[BlackElo "2087"]
[PlyCount "58"]
[EventDate "2021.05.03"]
[EventType "swiss"]
[EventRounds "9"]
[EventCountry "SRB"]
[SourceTitle "EXT 2022"]
[Source "ChessBase"]
[SourceDate "2021.10.06"]
[SourceVersion "1"]
[SourceVersionDate "2021.10.06"]
[SourceQuality "1"]

1. e4 c5 2. Nf3 Nc6 3. d4 cxd4 4. Nxd4 Nf6 5. Nxc6 bxc6 6. Nc3 e5 7. Bc4 Bc5 8. 0-0 0-0 9. Re1 d5 10. exd5 Ng4 11. Be3 Bxe3 12. fxe3 Qh4 13. h3 Qf2+ 14. Kh1 Nxe3 15. Rxe3 Qxe3 16. dxc6 Bxh3 17. gxh3 Qxh3+ 18. Kg1 Qg3+ 19. Kf1 Qf4+ 20. Ke1 Qxc4 21. Qf3 e4 22. Qf5 Qxc6 23. Kf1 Rab8 24. Nxe4 Rxb2 25. c3 Qc4+ 26. Kg1 Qe2 27. Qg5 Qh2+ 28. Kf1 Qh1+ 29. Qg1 Qxe4 0-1